F1 2026 Fahrernummer - Sudden death - Statistiken

Allgemein
  • Dieses Quiz wurde 70 mal gespielt
  • Das Durchschnittsergebnis liegt bei 6 aus 22
Answers on the Grid
Answers color-coded by a green-red scale on the quiz's grid according to % correct below.
1
2
3
4
5
6
7
8
9
10
11
12
13
14
15
16
17
18
19
20
21
22
23
24
25
26
27
28
29
30
31
32
33
34
35
36
37
38
39
40
41
42
43
44
45
46
47
48
49
50
51
52
53
54
55
56
57
58
59
60
61
62
63
64
65
66
67
68
69
70
71
72
73
74
75
76
77
78
79
80
81
82
83
84
85
86
87
88
89
90
91
92
93
94
95
96
97
98
99
 
Antwortstatistiken
Antwort % Korrekt
1
87%
3
79%
44
47%
16
36%
77
32%
11
28%
27
28%
5
28%
6
26%
63
26%
10
23%
12
23%
14
23%
18
23%
81
21%
87
21%
55
19%
23
17%
41
13%
30
11%
31
11%
43
11%
Keine übereinstimmenden Quizze gefunden
Verteilung der Resultate
Anzahl Personen mit jedem Resultat
Perzentil nach korrekt beantworteten Fragen
Ihre Resultats-Entwicklung
Sie haben dieses Quiz noch nicht gespielt